Diccionario de términos ecológicos (Registro nro. 13313)
[ vista simple ]
| 000 -Cabecera | |
|---|---|
| Campo de control de longitud fija | 00569nam a22002297a 4500 |
| 005 - Fecha y hora de la última transacción | |
| Campo de control | 20250219154751.0 |
| 008 - Elementos de longitud fija--Información general | |
| Campo de control de longitud fija | 220331b1996 xxu||||| |||| 00| 0 spa d |
| 020 ## - International Standard Book Number | |
| Número Internacional Estándar del Libro (ISBN) | 8428322961 |
| 041 ## - Idioma | |
| Código de idioma | Español |
| 082 ## - Clasificación Decimal Dewey | |
| Número de clasificación | R 577 V767d |
| 100 ## - Entrada principal--Autor personal | |
| Nombre personal | Vicén Carreño, Marta |
| 100 ## - Entrada principal--Autor personal | |
| Nombre personal | Vicén Antolín, Carlos |
| 245 ## - Título propiamente dicho | |
| Título | Diccionario de términos ecológicos |
| 260 ## - Pie de imprenta | |
| Lugar de publicación, distribución, etc. | España |
| 260 ## - Pie de imprenta | |
| Nombre del editor, distribuidor, etc. | Editorial Paraninfo |
| 260 ## - Pie de imprenta | |
| Fecha de publicación, distribución, etc. | 1996 |
| 300 ## - Descripción física | |
| Extensión | 173 páginas |
| 650 ## - Materia general | |
| Temática (materia general) | DICCIONARIOS |
| 650 ## - Materia general | |
| Temática (materia general) | ECOLOGÍA |
| 650 ## - Materia general | |
| Temática (materia general) | CIENCIAS NATURALES |
| 942 ## - Punto de acceso adicional KOHA | |
| Tipo de ítem KOHA | Referencia |
| Fuente del sistema de clasificación o colocación | Dewey Decimal Classification |
| Signatura completa | Código de barras | Tipo de ítem |
|---|---|---|
| R 577 V767d | 7903 | Referencia |
| R 577 V767d | 9491 | Referencia |